Artists Beginning With O - Statistics

General Stats
  • This quiz has been taken 315 times
  • The average score is 6 of 10
Answer Stats
Hint Answer % Correct
Wonderwall Oasis
97%
Hey Ya! Outkast
82%
What Makes You Beautiful One Direction
69%
Crazy Train Ozzy Osbourne
64%
Counting Stars OneRepublic
60%
You're The One That I Want Olivia Newton-John
59%
good 4 u Olivia Rodrigo
55%
Fireflies Owl City
46%
You're Gonna Go Far, Kid The Offspring
24%
Little Talks Of Monsters and Men
23%
No matching quizzes found
Score Distribution
Percent of People with Each Score
Percentile by Number Answered
Your Score History
You have not taken this quiz